000 01106nam a2200253Ia 4500
003 OSt
005 20220923211300.0
006 a|||||r|||| 00| 0
007 ta
008 220922b |||||||| |||| 00| 0 hin d
020 _a9788179171134 (hbk)
_c395
024 _a238,498
037 _b385, 29/01/2009, Vani Prakashan
_cTextual
040 _aARTS
_cARTS
_bhin
041 _2hin
_ahin
082 _aY15.2, 152P8
100 _aकरात, बृंदा; चौहान, उषा, अनु.
_9160144
245 0 _aभारतीय नारी संघर्ष और मुक्ति
_b भारतीय महिला आंदोलनों के कुछ विवरण
246 _aBhāratīya nārī sangharṣha aur mukti: bhāratīya hinilā āandolanoan ke kuchh vivaraṇa
260 _aदिल्ली
_b ग्रंथ - शिल्पी
_c2008
300 _a256पृ.
_ccm.
942 _hY15.2, 152P8
_cTEXL
_2CC
999 _c298101
_d298101